000 00268nam a22001097a 4500
008 240709b |||||||| |||| 00| 0 eng d
100 _aDhanshyam, Jethanand
_916744
245 _aKaram Yog
260 _aBombay:
_bLok Sewa Mandal;
_c1963.
300 _a164p.
942 _cBK
999 _c39861
_d39861